National health strategic plan, 2011-2015 (Record no. 32134)

MARC details
000 -LEADER
fixed length control field 00649nam a2200145 a 4500
008 - FIXED-LENGTH DATA ELEMENTS--GENERAL INFORMATION
fixed length control field 130920s2011 ||||||||||||||||| || u
050 ## - LIBRARY OF CONGRESS CALL NUMBER
Classification number GOV.ZAM.H4(058)
110 ## - MAIN ENTRY--CORPORATE NAME
Corporate name or jurisdiction name as entry element Ministry of Health (Ghana)
245 10 - TITLE STATEMENT
Title National health strategic plan, 2011-2015
Statement of responsibility, etc. by Government of the Republic of Zambia, Ministry of Health [MoH]
260 ## - PUBLICATION, DISTRIBUTION, ETC.
Place of publication, distribution, etc. Lusaka:
Name of publisher, distributor, etc. Ministry of Health (MOH)
Date of publication, distribution, etc. 2011
300 ## - PHYSICAL DESCRIPTION
Extent xiv, 99p.: ill.
362 1# -
-- <p>2011-2015</p>
650 ## - SUBJECT ADDED ENTRY--TOPICAL TERM
Topical term or geographic name entry element NATIONAL HEALTH--STRATEGIC PLAN--ZAMBIA
995 ## -
-- SPECIAL COLLECTIONS
-- 1008
-- CBU-SCHOOL OF MEDICINE LIBRARY (Ndola)
-- GOV.ZAM.H4(058)NHSP/2011
-- 1
-- AVAILABLE
-- Sep 27, 2013
-- B1008
-- Zambiana Collection
999 ## -
-- 32134
-- 32134
Holdings
Withdrawn status Lost status Source of classification or shelving scheme Damaged status Not for loan Permanent Location Current Location Shelving location Date acquired Total Checkouts Full call number Barcode Date last seen Price effective from Koha item type
          CBU-SCHOOL OF MEDICINE LIBRARY, NDOLA. CBU-SCHOOL OF MEDICINE LIBRARY, NDOLA.   11/30/2022   GOV.ZAM.H4(058) B1008 11/30/2022 11/30/2022 MONOGRAPH